000 00310nam a22001337a 4500
008 170714b xxu||||| |||| 00| 0 eng d
020 _a9789706074256
041 _aeng
080 _a038
100 _a24
101 _aFJA
245 _aDICCIONARIO DE LA LENGUA ESPANOLA ESENCIAL
_cLAROUSSE
942 _2udc
_cBK
999 _c20905
_d20905